Vreckový kalendár Sväzu advokátov na Slovensku na rok ...

Bibliographic Details
Format: Serial
Language:Slovak
PhysicalDescription:1 zv.
Published: Bratislava Sväz advokátov na Slovensku [1938]
Subjects:

MARC

LEADER 00000cas a2200000 a 4500
001 vtls001321393
003 SK-MaSNL
005 20260425193952.0
008 180126d19381938xo ar| r 0 0 0slo
035 |a SNK000274051 
040 |a SNK  |b slo  |c SNK  |e AACR2 
041 0 |a slo 
043 |a e-xo--- 
044 |a xo  |c SK 
072 7 |a 050  |x Seriálové publikácie. Periodiká  |2 konspekt 
080 |a (059)  |2 2011 
080 |a 347.965  |2 2011 
080 |a (437.6)  |2 2011 
245 0 0 |a Vreckový kalendár Sväzu advokátov na Slovensku na rok ... 
260 |a Bratislava  |b Sväz advokátov na Slovensku  |c [1938] 
300 |a 1 zv. 
310 |a 1x ročne 
362 0 |a Roč. 1 (1938)  |z SKP 
500 |a Súčasťou názvu je označenie roka 
650 0 7 |a advokáti  |2 SNKPH  |9 4643 
651 7 |a Slovensko  |2 SNKPHgeo  |9 14231 
655 7 |a textové kalendáre  |2 SNKPH  |9 60816 
910 |a snk 
999 |c 234  |d 234 
952 |a SNK  |b SNK  |y PREZ  |7 0  |p 17A0118244  |o snkČSE 248/1/1938  |i snkK 518/98  |8 3  |0 0  |1 0  |4 0  |d 1998-02-18  |l 0  |r 2005-01-02 00:00:00  |w 2026-02-21